000 00285nam a2200121Ia 4500
008 220216s9999 xx 000 0 und d
100 _aMathew S
245 0 _aAarogyaparipalanathinu rubber paalum
260 _bRubber
_c2011
300 _a20
650 _aRubber products
942 _cBS
999 _c51222
_d51222